Código civil colombiano / (Registro nro. 5772)
[ vista simple ]
| 000 -LEADER | |
|---|---|
| fixed length control field | 01158nam a2200277Ia 4500 |
| 003 - CONTROL NUMBER IDENTIFIER | |
| control field | OSt |
| 005 - DATE AND TIME OF LATEST TRANSACTION | |
| control field | 20200819162354.0 |
| 008 - FIXED-LENGTH DATA ELEMENTS--GENERAL INFORMATION | |
| fixed length control field | 191128s1992 ck grl f000 0 spa d |
| 020 ## - INTERNATIONAL STANDARD BOOK NUMBER | |
| International Standard Book Number | 9586480291 |
| 040 ## - CATALOGING SOURCE | |
| Original cataloging agency | CO-JMCR |
| Transcribing agency | CO-JMCR |
| 041 0# - LANGUAGE CODE | |
| Language code of text/sound track or separate title | spa |
| 082 04 - DEWEY DECIMAL CLASSIFICATION NUMBER | |
| Classification number | 346.026 / |
| Item number | C718c1 |
| Edition number | 23 |
| 110 1# - MAIN ENTRY--CORPORATE NAME | |
| Corporate name or jurisdiction name as entry element | Colombia. |
| 9 (RLIN) | 8040 |
| 240 10 - UNIFORM TITLE | |
| Uniform title | Código civil |
| 245 10 - TITLE STATEMENT | |
| Title | Código civil colombiano / |
| Statement of responsibility, etc. | Rogelio Enrique Peña Pena |
| 250 ## - EDITION STATEMENT | |
| Edition statement | Primera edición |
| 260 ## - PUBLICATION, DISTRIBUTION, ETC. | |
| Place of publication, distribution, etc. | Bogotá : |
| Name of publisher, distributor, etc. | Ecoe, |
| Date of publication, distribution, etc. | 1992 |
| 300 ## - PHYSICAL DESCRIPTION | |
| Extent | 2 volúmenes ; |
| Dimensions | 21 cm. |
| 490 0# - SERIES STATEMENT | |
| Series statement | Las Leyes de Colombia |
| 505 2# - FORMATTED CONTENTS NOTE | |
| Miscellaneous information | v.2 |
| Title | Legislación complementaria |
| Formatted contents note | Ley 57 de 1887 ( 15de abril) sobre adopción de códigos y unificación de la legislación nacional -- Ley 153 de 1887 (24 de agosto) que adiciona y reforma los códigos nacionales, la ley 61 de 1886 y la 57 de 1887 -- Ley 100 de 1888 adicional al código civil |
| 650 14 - SUBJECT ADDED ENTRY--TOPICAL TERM | |
| Topical term or geographic name entry element | Derecho civil |
| General subdivision | reformas civiles |
| Form subdivision | legislación |
| Source of heading or term | |
| 9 (RLIN) | 8923 |
| 650 14 - SUBJECT ADDED ENTRY--TOPICAL TERM | |
| Topical term or geographic name entry element | Procedimiento civil |
| General subdivision | legislación |
| Geographic subdivision | Colombia |
| 9 (RLIN) | 8924 |
| 650 14 - SUBJECT ADDED ENTRY--TOPICAL TERM | |
| Topical term or geographic name entry element | Legislación sobre el matrimonio |
| Geographic subdivision | Colombia |
| 9 (RLIN) | 8884 |
| 700 1# - ADDED ENTRY--PERSONAL NAME | |
| Personal name | Peña Pena, Rogelio Enrique, |
| Relator term | autor |
| 9 (RLIN) | 8925 |
| 942 ## - ADDED ENTRY ELEMENTS (KOHA) | |
| Source of classification or shelving scheme | Dewey Decimal Classification |
| Koha item type | Books |
| Withdrawn status | Lost status | Source of classification or shelving scheme | Damaged status | Not for loan | Collection code | Home library | Current library | Date acquired | Source of acquisition | Full call number | Barcode | Date last seen | Copy number | Koha item type |
|---|---|---|---|---|---|---|---|---|---|---|---|---|---|---|
| Dewey Decimal Classification | Non-fiction | Biblioteca Pública José María del Castillo y Rada | Biblioteca Pública José María del Castillo y Rada | 04/15/2018 | Donación | 346.026 / C718c1 | 430008286 | 05/16/2024 | V.2 / Ej.1 | Books |